Chinese music : an annotated bibliography /

Bibliographic Details
Main Author: Lieberman, Fredric
Format: Book
Language:English
Published: New York : Garland Pub., 1979.
Edition:2d ed., rev. and enl.
Series:Garland reference library of the humanities ; v. 75.
Subjects:

MARC

Tag First Indicator Second Indicator Subfields
LEADER 00000pam a2200000 i 4500
001 in00000162829
005 20151006080116.0
008 780922s1979 nyu b 00110 eng
010 |a  76024755  
020 |a 0824099222 :  |c $27.00 
035 |a (OCoLC)04500287 
035 |9 AAR9875AM 
040 |a DLC  |c DLC  |d TXA  |d UtOrBLW 
043 |a a-cc--- 
049 |a TXAM  |c [1190836] 
050 0 0 |a ML120.C5  |b L5 1979 
082 0 |a 016.7817/51 
100 1 |a Lieberman, Fredric. 
245 1 0 |a Chinese music :  |b an annotated bibliography /  |c Fredric Lieberman. 
250 |a 2d ed., rev. and enl. 
264 1 |a New York :  |b Garland Pub.,  |c 1979. 
300 |a xi, 257 pages ;  |c 23 cm. 
336 |a text  |b txt  |2 rdacontent 
337 |a unmediated  |b n  |2 rdamedia 
338 |a volume  |b nc  |2 rdacarrier 
490 1 |a Garland reference library of the humanities ;  |v v. 75 
500 |a Includes indexes. 
650 0 |a Music  |z China  |x Bibliography. 
830 0 |a Garland reference library of the humanities ;  |v v. 75. 
999 |a MARS 
999 f f |s cdc63806-9869-321a-a3eb-a0d6bbbd40d6  |i baf09265-00a7-318f-883c-29d37bd7cc3c  |t 0 
952 f f |p ric  |a Texas A&M University  |b Rellis Campus  |c Joint Library Facility  |d Remote Storage  |t 0  |e ML120.C5 L5 1979  |h Library of Congress classification  |i unmediated -- volume  |m A14803349133 
998 f f |a ML120.C5 L5 1979  |t 0  |l Remote Storage